Manual explicativo de los organigramas del sector público costarricense: versión 2007 /
Guardado en:
| Autores Corporativos: | , |
|---|---|
| Format: | Texto |
| Sprog: | Spanish |
| Udgivet: |
San José:
MIDEPLAN
2007
|
| Tags: |
Tilføj Tag
Ingen Tags, Vær først til at tagge denne postø!
|
MARC
| LEADER | 00000 a a2200000 04500 | ||
|---|---|---|---|
| 001 | 38112 | ||
| 003 | cru IIS | ||
| 005 | 20221114111330.0 | ||
| 008 | 221114b |||||||| |||| 00| 0 spa d | ||
| 020 | |a 978-9977-73-025-7 | ||
| 040 | |c cru IIS | ||
| 090 | |a 04.03.01 CR8375m | ||
| 110 | |a Ministerio de planificación Nacional y Política Económica | ||
| 245 | |a Manual explicativo de los organigramas del sector público costarricense: versión 2007 / |c Ministerio de planificación Nacional y Política Económica | ||
| 260 | |a San José: |b MIDEPLAN |c 2007 | ||
| 300 | |a 34 páginas | ||
| 505 | |a 1 Disco compacto | ||
| 710 | |a Universidad de Costa Rica | ||
| 942 | |2 ddc |c RE | ||
| 999 | |c 44636 |d 44636 | ||



